Từ chủ nghĩa yêu nước truyền thống đến chủ nghĩa yêu nước Hồ Chí Minh /

Zapisane w:
Opis bibliograficzny
1. autor: Nguyễn Hùng Hậu.
Format: Artykuł
Język:Vietnamese
Hasła przedmiotowe:
Etykiety: Dodaj etykietę
Nie ma etykietki, Dołącz pierwszą etykiete!
Thư viện lưu trữ: Thư viện Trường Đại học Đà Lạt
LEADER 00826nam a2200289 4500
001 DLU060057067
040 # # |a DLU  |b vie 
041 # # |a vie 
044 # # |a vn 
100 # # |a Nguyễn Hùng Hậu. 
245 # # |a Từ chủ nghĩa yêu nước truyền thống đến chủ nghĩa yêu nước Hồ Chí Minh /  |c Nguyễn Hùng Hậu. 
653 # # |a Chủ nghĩa yêu nước 
653 # # |a Hồ Chí Minh 
773 # # |t Khoa học xã hội Việt Nam  |g Số 1, 2006, tr. 45-50 
920 # # |a Phòng Tạp chí -- Trung tâm Thông tin - Thư viện Trường Đại học Đà Lạt 
933 # # |a LS 
933 # # |a ML 
994 # # |a DLU 
900 # # |a True 
911 # # |a Nguyễn Thị Minh Cầm 
925 # # |a G 
926 # # |a A 
927 # # |a BB 
980 # # |a Thư viện Trường Đại học Đà Lạt